| 000 | 00581nam a2200145 a 4500 | ||
|---|---|---|---|
| 005 | 20140414131935.0 | ||
| 008 | 110119s19uu xx 00 eng d | ||
| 050 |
_aREF 625.1 _bC63 2000 |
||
| 100 | _aCoiley, John. | ||
| 245 |
_aTrain / _cwritten by John Coiley ; [special photography, Mike Dunning]. |
||
| 260 |
_aNew York : _bDorling Kindersley, _c2000. |
||
| 520 | _aTraces the development of railways from the first Babylonian rutways to the electromagnetic, driverless trains of today and describes how trains are built and operated. | ||
| 650 | _aRailroads. | ||
| 999 |
_c112410 _d112410 |
||